Impacto fulminante = Sudden Impact /

Secuela de las cintas protagonizadas por el detective Callahan, conocido como Harry el Sucio por su rudeza. Mientras sigue las huellas de una mujer que venga la violación suya y de su hermana por parte de una banda criminal en una pequeña ciudad, se enfrenta él mismo a la venganza de una organizació...

Täydet tiedot

Tallennettuna:
Bibliografiset tiedot
Päätekijä: Eastwood, Clint (realización)
Muut tekijät: Eastwood, Clint (actuación) (actuación), Locke, Sondra (actuación) (actuación), Hingle, Pat (actuación) (actuación)
Aineistotyyppi: Dia
Kieli:englanti
Sarja:(Clint Eastwood)
Aiheet:
Tagit: Lisää tagi
Ei tageja, Lisää ensimmäinen tagi!

MARC

LEADER 00000ngm^a2200000^a^4500
001 000300353
005 20250521000000.0
009 20260310112507.086
037 |a Acervo ITESO - Biblioteca 
041 |a ING 
082 |a 810.  |b EAS 
100 |a Eastwood, Clint  |e (realización) 
245 1 0 |a Impacto fulminante =  |b Sudden Impact /  |c Realización de C. Eastwood. 
264 2 |a México :  |b Warner Brothers [distribución],  |c 2001, c2001 
300 |a 1 DVD regiones 1 y 4  |c (118 min.) 
336 |a imagen móvil bidimensional  |b tdi  |2 rdacontenido 
337 |a video  |b v  |2 rdamedio 
338 |a videodisco  |b vd  |2 rdasoporte 
440 1 |a (Clint Eastwood) 
520 |a Secuela de las cintas protagonizadas por el detective Callahan, conocido como Harry el Sucio por su rudeza. Mientras sigue las huellas de una mujer que venga la violación suya y de su hermana por parte de una banda criminal en una pequeña ciudad, se enfrenta él mismo a la venganza de una organización a la que ha ido desmembrando en San Francisco. Después de violentas balaceras y muchos muertos, las dos persecuciones se resuelven de manera favorable para los personajes, quienes salen ilesos y sin culpa. 
546 |a En inglés, con subtítulos opcionales: español, inglés, portugués 
649 |a XX 
650 |a Películas Policíacas 
650 |a Cine Norteamericano -  |y 1980-1989 
650 |a Cine Norteamericano -  |y Siglo XX 
650 |a Mujeres 
650 |a Asesinos en Serie 
650 |a Víctimas 
650 |a Violación 
650 |a Crimen Organizado 
650 |a Asesinato 
650 |a Venganza 
650 |a Justicia -  |x Administración 
650 |a Violencia 
700 |a Eastwood, Clint  |e (actuación) 
700 |a Locke, Sondra  |e (actuación) 
700 |a Hingle, Pat  |e (actuación) 
910 |a Fondo General 
920 |a Audiovisuales - DVDs 
940 |a Películas 
905 |a 302 
901 |a 0500184132  |b IT2  |c DVS  |i C117032  |u 20250521 
902 |a https://opac.biblio.iteso.mx/vufind/Record/000300353